00784nam a2200229 a 450000100060000000300100000600500170001600800410003302000150007402000180008903500140010704000240012108200250014510000270017024500870019725000120028426000640029630000320036050000920039250400500048465000200053438300(BD-RjUL)20211209052752.0920605s1992 njua b 000 0 eng d a8120308484 a9788120308480 a(BD-RjUL) aDLCc(BD-RjUL)dDLC a004.16220bRAM 20001 aRafiquzzaman, Mohamed.10aMicroprocessors :btheory and applications (Intel and Motorola) /cM. Rafiquzzaman aRev. ed aNew Delhi ;bPrentice-Hall of India,cc1992 [reprint 2000]. aix, 468 p. :bill. ;c30 cm aRev. ed. of: Microcomputer theory and applications with the Intel SDK-85. 2nd ed. c1987 aIncludes bibliographical references and index 0aMicroprocessors